<?xml version="1.0" encoding="UTF-8"?>
<record
    xmlns:xsi="http://www.w3.org/2001/XMLSchema-instance"
    xsi:schemaLocation="http://www.loc.gov/MARC21/slim http://www.loc.gov/standards/marcxml/schema/MARC21slim.xsd"
    xmlns="http://www.loc.gov/MARC21/slim">

  <leader>00653nam a22001937a 4500</leader>
  <datafield tag="999" ind1=" " ind2=" ">
    <subfield code="c">170404</subfield>
    <subfield code="d">170404</subfield>
  </datafield>
  <controlfield tag="005">20191213170551.0</controlfield>
  <datafield tag="010" ind1=" " ind2=" ">
    <subfield code="a">A-26125</subfield>
  </datafield>
  <datafield tag="020" ind1=" " ind2=" ">
    <subfield code="c">32.00</subfield>
    <subfield code="a">-</subfield>
  </datafield>
  <datafield tag="035" ind1=" " ind2=" ">
    <subfield code="a">A-26125</subfield>
  </datafield>
  <datafield tag="037" ind1=" " ind2=" ">
    <subfield code="b">BPPD</subfield>
  </datafield>
  <datafield tag="082" ind1=" " ind2=" ">
    <subfield code="a">070.95435</subfield>
  </datafield>
  <datafield tag="100" ind1=" " ind2=" ">
    <subfield code="a">&#x637;&#x64A;&#x628; &#x627; &#x646;&#x635;&#x627; &#x631; &#x6CC; </subfield>
  </datafield>
  <datafield tag="245" ind1=" " ind2=" ">
    <subfield code="a">&#x62D;&#x64A;&#x62F; &#x631; &#x627; &#x628;&#x627; &#x62F; &#x645;&#x64A;&#x6BA; &#x627; &#x631; &#x62F; &#x648; &#x635;&#x62D;&#x627; &#x641;&#x62A; 1857&#x621; &#x633;&#x6D2; 1959 &#x621; &#x62A;&#x6A9; </subfield>
    <subfield code="c">&#x637;&#x64A;&#x628; &#x627; &#x646;&#x635;&#x627; &#x631; &#x6CC;</subfield>
  </datafield>
  <datafield tag="246" ind1=" " ind2=" ">
    <subfield code="a">Hyderabad mein Urdu Sahafat 1857-1959  (Urdu)</subfield>
    <subfield code="b">by Tayyeb Ansari</subfield>
  </datafield>
  <datafield tag="260" ind1=" " ind2=" ">
    <subfield code="a">Hyderabad</subfield>
    <subfield code="c">1980 &#x621; </subfield>
    <subfield code="b">Idara-e-Adabiat Urdu</subfield>
  </datafield>
  <datafield tag="270" ind1=" " ind2=" ">
    <subfield code="a">Punja Gatta</subfield>
    <subfield code="b">Hyderabad</subfield>
    <subfield code="k">-</subfield>
    <subfield code="e">500004</subfield>
  </datafield>
  <datafield tag="300" ind1=" " ind2=" ">
    <subfield code="a">235 &#x635;</subfield>
    <subfield code="c">22 cm(hb)</subfield>
  </datafield>
  <datafield tag="942" ind1=" " ind2=" ">
    <subfield code="2">ddc</subfield>
    <subfield code="c">UR</subfield>
    <subfield code="h">070.95435</subfield>
    <subfield code="m">&#x627; &#x646; &#x635; </subfield>
  </datafield>
  <datafield tag="952" ind1=" " ind2=" ">
    <subfield code="0">0</subfield>
    <subfield code="1">0</subfield>
    <subfield code="4">0</subfield>
    <subfield code="7">0</subfield>
    <subfield code="8">NFIC</subfield>
    <subfield code="a">L</subfield>
    <subfield code="b">L</subfield>
    <subfield code="d">2019-12-13</subfield>
    <subfield code="e">BPPD/Ven.</subfield>
    <subfield code="g">32.00</subfield>
    <subfield code="l">0</subfield>
    <subfield code="o">070.95435 &#x627; &#x646; &#x635;</subfield>
    <subfield code="p">A-26125</subfield>
    <subfield code="r">2019-12-13 00:00:00</subfield>
    <subfield code="t">1</subfield>
    <subfield code="v">32.00</subfield>
    <subfield code="w">2019-12-13</subfield>
    <subfield code="y">UR</subfield>
  </datafield>
</record>
